[Event "Open de Figueres Miquel Mas 2017"]
[Site "Figueres ESP"]
[Date "2017.08.13"]
[Round "5.3"]
[White "Touzane, Olivier"]
[Black "Serra Pages, Jordi"]
[Result "1-0"]
[WhiteElo "2264"]
[BlackElo "2232"]
[PlyCount "79"]
[EventDate "2017.08.10"]
[EventType "swiss"]
[EventRounds "9"]
[EventCountry "ESP"]
[SourceTitle "Ajedrez en Madrid"]
[Source "lmi"]
[SourceDate "2017.08.10"]
[SourceVersion "1"]
[SourceVersionDate "2018.07.27"]
[SourceQuality "1"]

1. d4 Nf6 2. Bf4 e6 3. e3 b6 4. Nf3 Bb7 5. h3 Be7 6. Be2 O-O 7. O-O c5 8. a4
Nc6 9. Nbd2 d5 10. c3 h6 11. Bh2 Bd6 12. Ne5 Nd7 13. f4 f6 14. Ng6 Re8 15. Bd3
Nf8 16. Qh5 Nxg6 17. Bxg6 Rf8 18. g4 Ne7 19. Bc2 Bc6 20. Rf3 Be8 21. Qh4 Bg6
22. f5 Bh7 23. Qf2 Kh8 24. Rd1 Qb8 25. e4 Bxh2+ 26. Qxh2 Qxh2+ 27. Kxh2 cxd4
28. fxe6 Rac8 29. Bb1 Rfd8 30. cxd4 dxe4 31. Nxe4 Rc4 32. Rc3 Rb4 33. b3 Bg8
34. Rc7 Bxe6 35. Rxe7 Bxb3 36. Rc1 Bxa4 37. d5 f5 38. gxf5 Rd7 39. f6 Kg8 40.
Rc8+ 1-0

[Event "Open de Figueres Miquel Mas 2017"]
[Site "Figueres ESP"]
[Date "2017.08.13"]
[Round "5.4"]
[White "Alonso Bouza, Julio Javier"]
[Black "Campos Moreno, Javier B."]
[Result "1-0"]
[WhiteElo "2377"]
[BlackElo "2413"]
[PlyCount "95"]
[EventDate "2017.08.10"]
[EventType "swiss"]
[EventRounds "9"]
[EventCountry "ESP"]
[SourceTitle "Ajedrez en Madrid"]
[Source "lmi"]
[SourceDate "2017.08.10"]
[SourceVersion "1"]
[SourceVersionDate "2018.07.27"]
[SourceQuality "1"]

1. e4 e5 2. Nf3 Nc6 3. Bb5 a6 4. Ba4 Nf6 5. Qe2 b5 6. Bb3 Be7 7. c3 O-O 8. d4
d6 9. O-O exd4 10. cxd4 Bg4 11. Rd1 d5 12. e5 Ne4 13. h3 Bh5 14. a4 Na5 15. Bc2
b4 16. Nbd2 Ng5 17. Nf1 Nxf3+ 18. gxf3 Qd7 19. Kg2 b3 20. Bd3 Bg6 21. f4 Nc6
22. Bxg6 fxg6 23. Qd3 Na5 24. Qc3 Rfb8 25. Ne3 Bb4 26. Qd3 Rf8 27. Nf1 Qe6 28.
Be3 Rab8 29. Ng3 Nc4 30. Rab1 Ba5 31. Qe2 Rb4 32. Ra1 c6 33. h4 Bd8 34. Rh1 c5
35. h5 cxd4 36. Bc1 g5 37. f5 Qxe5 38. Qd3 h6 39. Bd2 Rb6 40. Rhe1 Qf6 41. a5
Rc6 42. Bb4 Rf7 43. Re8+ Kh7 44. Rae1 Nxb2 45. Qxb3 d3 46. Qxd5 Bc7 47. Be7 d2
48. Bxf6 1-0

[Event "Open de Figueres Miquel Mas 2017"]
[Site "Figueres ESP"]
[Date "2017.08.13"]
[Round "5.5"]
[White "Paraschiv, Paul-Alexandru"]
[Black "Mellado Trivino, Juan"]
[Result "1/2-1/2"]
[WhiteElo "2017"]
[BlackElo "2392"]
[PlyCount "49"]
[EventDate "2017.08.10"]
[EventType "swiss"]
[EventRounds "9"]
[EventCountry "ESP"]
[SourceTitle "Ajedrez en Madrid"]
[Source "lmi"]
[SourceDate "2017.08.10"]
[SourceVersion "1"]
[SourceVersionDate "2018.07.27"]
[SourceQuality "1"]

1. d4 d5 2. Bf4 Nf6 3. e3 c5 4. c3 Nc6 5. Nd2 e6 6. Bd3 Bd6 7. Bxd6 Qxd6 8. f4
cxd4 9. cxd4 Nb4 10. Be2 O-O 11. a3 Nc6 12. Bd3 Nd7 13. Ngf3 f5 14. O-O Nb6 15.
Rc1 Bd7 16. h3 Rac8 17. Nb3 Na4 18. Qe2 a6 19. Nc5 Nxc5 20. Rxc5 Rc7 21. Rfc1
Rfc8 22. g4 Ne7 23. Rxc7 Rxc7 24. Rxc7 Qxc7 25. Qc2 1/2-1/2

[Event "Open de Figueres Miquel Mas 2017"]
[Site "Figueres ESP"]
[Date "2017.08.13"]
[Round "5.6"]
[White "Sole Pijuan, Ferran"]
[Black "Renteria, Jorge"]
[Result "0-1"]
[WhiteElo "2216"]
[BlackElo "2332"]
[PlyCount "70"]
[EventDate "2017.08.10"]
[EventType "swiss"]
[EventRounds "9"]
[EventCountry "ESP"]
[SourceTitle "Ajedrez en Madrid"]
[Source "lmi"]
[SourceDate "2017.08.10"]
[SourceVersion "1"]
[SourceVersionDate "2018.07.27"]
[SourceQuality "1"]

1. d4 Nf6 2. c4 e6 3. Nc3 Bb4 4. e3 O-O 5. Nge2 b6 6. a3 Be7 7. e4 d6 8. d5
exd5 9. cxd5 c5 10. dxc6 Nxc6 11. Nd4 Nxd4 12. Qxd4 Bb7 13. Bd3 d5 14. e5 Ne4
15. Bxe4 dxe4 16. Qxd8 Bxd8 17. Bf4 f6 18. exf6 Bxf6 19. Be3 Rac8 20. Rc1 Ba6
21. Kd2 Rcd8+ 22. Kc2 Bd4 23. Rcd1 Bd3+ 24. Kd2 Rxf2+ 25. Bxf2 Bxf2 26. Ne2
Bc4+ 27. Kc2 Rf8 28. Nc3 e3 29. Rd4 Ba6 30. Re4 Bb7 31. Re7 Bxg2 32. Rd1 Bh3
33. Rd5 Bf5+ 34. Ne4 e2 35. Rxf5 e1=Q 0-1

[Event "Open de Figueres Miquel Mas 2017"]
[Site "Figueres ESP"]
[Date "2017.08.13"]
[Round "5.7"]
[White "Hernando Rodrigo, Julio Antoni"]
[Black "Guix Torres, David"]
[Result "1-0"]
[WhiteElo "2276"]
[BlackElo "2040"]
[PlyCount "105"]
[EventDate "2017.08.10"]
[EventType "swiss"]
[EventRounds "9"]
[EventCountry "ESP"]
[SourceTitle "Ajedrez en Madrid"]
[Source "lmi"]
[SourceDate "2017.08.10"]
[SourceVersion "1"]
[SourceVersionDate "2018.07.27"]
[SourceQuality "1"]

1. d4 Nf6 2. Nf3 c5 3. d5 g6 4. c4 b5 5. cxb5 a6 6. bxa6 Bg7 7. Nc3 Bxa6 8. g3
d6 9. Bg2 Nfd7 10. h4 h6 11. Qc2 Nb6 12. Rb1 N8d7 13. Bh3 Bc4 14. h5 g5 15. a3
Nf6 16. Bg2 Bxd5 17. Nxd5 Nbxd5 18. e4 Nc7 19. e5 Nfd5 20. O-O dxe5 21. Rd1 Qd6
22. Be3 Nxe3 23. fxe3 Qb6 24. Nd2 Rc8 25. Qa4+ Nb5 26. Bh3 O-O 27. Bxc8 Rxc8
28. Nc4 Qc6 29. Rf1 Ra8 30. Qc2 Qe6 31. Qe4 Ra4 32. b3 Nd6 33. Qc6 Rxc4 34.
bxc4 e4 35. Qxc5 Qh3 36. Rf2 Qxg3+ 37. Rg2 Qh3 38. Re1 Nf5 39. Qd5 Nxe3 40.
Qa8+ Kh7 41. Qxe4+ Nf5 42. Rd1 e6 43. c5 Qxh5 44. Qg4 Qg6 45. Qe4 Bc3 46. c6
Ba5 47. Rb2 Qh5 48. Rd7 Kg7 49. Qe5+ Kg6 50. Qxa5 Qg4+ 51. Rg2 Qf4 52. Qd2 Ne3
53. Qf2 1-0

[Event "Open de Figueres Miquel Mas 2017"]
[Site "Figueres ESP"]
[Date "2017.08.13"]
[Round "5.8"]
[White "Izagirre Alsua, Aritz"]
[Black "Martorell Aubanell, Adria"]
[Result "1/2-1/2"]
[WhiteElo "1869"]
[BlackElo "2191"]
[PlyCount "98"]
[EventDate "2017.08.10"]
[EventType "swiss"]
[EventRounds "9"]
[EventCountry "ESP"]
[SourceTitle "Ajedrez en Madrid"]
[Source "lmi"]
[SourceDate "2017.08.10"]
[SourceVersion "1"]
[SourceVersionDate "2018.07.27"]
[SourceQuality "1"]

1. e4 c6 2. c4 d5 3. cxd5 cxd5 4. exd5 Qxd5 5. Nc3 Qa5 6. d4 Nf6 7. Nf3 e6 8.
Qa4+ Qxa4 9. Nxa4 Nbd7 10. Bd3 Bd6 11. O-O O-O 12. Bd2 b6 13. Nc3 Bb7 14. Ng5
Rfd8 15. Nge4 Be7 16. f3 Nb8 17. Be3 Nc6 18. Nxf6+ Bxf6 19. Be4 Bxd4 20. Bxd4
Rxd4 21. Nb5 Rd7 22. Rfd1 Re7 23. Rd6 Na5 24. Rad1 g6 25. Bxb7 Rxb7 26. Rd7 a6
27. Rxb7 Nxb7 28. Nc7 Ra7 29. b4 a5 30. a3 axb4 31. axb4 Ra4 32. Rd7 Rxb4 33.
Nxe6 fxe6 34. Rxb7 Rb2 35. h4 h6 36. Re7 Re2 37. Rb7 Rb2 38. Re7 e5 39. Rxe5
Kf7 40. h5 b5 41. hxg6+ Kxg6 42. Kh2 b4 43. Rb5 b3 44. Rb6+ Kg5 45. Kg3 h5 46.
Rb5+ Kg6 47. Rb6+ Kg5 48. Rb5+ Kg6 49. Rb6+ Kg5 1/2-1/2

[Event "Open de Figueres Miquel Mas 2017"]
[Site "Figueres ESP"]
[Date "2017.08.13"]
[Round "5.9"]
[White "Pinsach Gelabert, Alexandre"]
[Black "Castells Briones, Miquel"]
[Result "1/2-1/2"]
[WhiteElo "2105"]
[BlackElo "2011"]
[PlyCount "107"]
[EventDate "2017.08.10"]
[EventType "swiss"]
[EventRounds "9"]
[EventCountry "ESP"]
[SourceTitle "Ajedrez en Madrid"]
[Source "lmi"]
[SourceDate "2017.08.10"]
[SourceVersion "1"]
[SourceVersionDate "2018.07.27"]
[SourceQuality "1"]

1. e4 c5 2. Nf3 Nc6 3. d4 cxd4 4. Nxd4 Nf6 5. Nc3 e5 6. Nde2 Bc5 7. Ng3 d6 8.
Be2 Nd4 9. O-O a6 10. Bg5 h6 11. Bxf6 Qxf6 12. Nd5 Qd8 13. Bg4 O-O 14. c3 Nc6
15. Bxc8 Rxc8 16. Nf5 Kh8 17. Qg4 Qg5 18. Qxg5 hxg5 19. b4 g6 20. bxc5 gxf5 21.
cxd6 Rcd8 22. exf5 Rxd6 23. Rfd1 Rfd8 24. Ne3 Rd2 25. Kf1 R8d3 26. Ke1 Rxd1+
27. Nxd1 e4 28. Rb1 b5 29. Ke2 Ne5 30. Rb4 Nc4 31. a4 Nd6 32. axb5 axb5 33. f3
Nc4 34. fxe4 Rd2+ 35. Ke1 Rxg2 36. Rxb5 Rxh2 37. Nf2 Rg2 38. e5 Kg7 39. Rc5 Nd2
40. f6+ Kg6 41. Kxd2 Rxf2+ 42. Ke3 Rf5 43. Ke4 Rf4+ 44. Kd5 g4 45. Rc8 Kf5 46.
Rg8 Rf3 47. Kd4 g3 48. c4 Rf4+ 49. Ke3 Rxc4 50. Rxg3 Kxe5 51. Rf3 Rc3+ 52. Kf2
Rxf3+ 53. Kxf3 Kxf6 54. Kf4 1/2-1/2

[Event "Open de Figueres Miquel Mas 2017"]
[Site "Figueres ESP"]
[Date "2017.08.13"]
[Round "5.10"]
[White "Parals Marce, Luis"]
[Black "Vilalta Vidal, Javier"]
[Result "1-0"]
[WhiteElo "2015"]
[BlackElo "1992"]
[PlyCount "41"]
[EventDate "2017.08.10"]
[EventType "swiss"]
[EventRounds "9"]
[EventCountry "ESP"]
[SourceTitle "Ajedrez en Madrid"]
[Source "lmi"]
[SourceDate "2017.08.10"]
[SourceVersion "1"]
[SourceVersionDate "2018.07.27"]
[SourceQuality "1"]

1. d4 d5 2. e3 Nf6 3. Bd3 c5 4. c3 Nc6 5. f4 Bg4 6. Nf3 e6 7. O-O Bd6 8. Qe1
O-O 9. Ne5 Bf5 10. Bxf5 exf5 11. Nd2 Ne4 12. Rf3 f6 13. Nd3 Re8 14. Qh4 h6 15.
Nf1 Qa5 16. dxc5 Bxc5 17. b4 Bxb4 18. cxb4 Nxb4 19. Qe1 Qb5 20. Nxb4 Rac8 21.
a4 1-0

[Event "Open de Figueres Miquel Mas 2017"]
[Site "Figueres ESP"]
[Date "2017.08.14"]
[Round "6.2"]
[White "Alonso Bouza, Julio Javier"]
[Black "Riff, Jean-Noel"]
[Result "1/2-1/2"]
[WhiteElo "2377"]
[BlackElo "2499"]
[PlyCount "44"]
[EventDate "2017.08.10"]
[EventType "swiss"]
[EventRounds "9"]
[EventCountry "ESP"]
[SourceTitle "Ajedrez en Madrid"]
[Source "lmi"]
[SourceDate "2017.08.10"]
[SourceVersion "1"]
[SourceVersionDate "2018.07.27"]
[SourceQuality "1"]

1. e4 c5 2. Nf3 d6 3. d4 Nf6 4. Nc3 cxd4 5. Nxd4 e6 6. Bc4 Be7 7. Be3 O-O 8.
O-O Nc6 9. Bb3 Bd7 10. f4 Nxd4 11. Bxd4 Bc6 12. Qd3 b5 13. Rae1 b4 14. Nb1 d5
15. exd5 Bxd5 16. f5 Bxb3 17. axb3 Qd5 18. fxe6 Rad8 19. Bxf6 Qxd3 20. cxd3
gxf6 21. exf7+ Rxf7 22. Rf3 Bc5+ 1/2-1/2

[Event "Open de Figueres Miquel Mas 2017"]
[Site "Figueres ESP"]
[Date "2017.08.14"]
[Round "6.3"]
[White "Touzane, Olivier"]
[Black "Gonzalez Rodriguez, Jorge A."]
[Result "1/2-1/2"]
[WhiteElo "2264"]
[BlackElo "2274"]
[PlyCount "178"]
[EventDate "2017.08.10"]
[EventType "swiss"]
[EventRounds "9"]
[EventCountry "ESP"]
[SourceTitle "Ajedrez en Madrid"]
[Source "lmi"]
[SourceDate "2017.08.10"]
[SourceVersion "1"]
[SourceVersionDate "2018.07.27"]
[SourceQuality "1"]

1. d4 Nf6 2. Bf4 c5 3. d5 d6 4. Nc3 e5 5. Bd2 g6 6. e4 Bg7 7. h3 O-O 8. g4 Na6
9. Nge2 Ne8 10. Ng3 Bf6 11. Bh6 Ng7 12. Qd2 Bh4 13. O-O-O f6 14. Be3 Nc7 15.
Nce2 Bd7 16. Ng1 Bg5 17. f4 exf4 18. Bxf4 Bxf4 19. Qxf4 Qe7 20. Nf3 Rae8 21.
Qh6 b5 22. e5 dxe5 23. d6 Qd8 24. dxc7 Qxc7 25. Bd3 Re7 26. Rhg1 Ne6 27. Be4
Nf4 28. Kb1 Bc6 29. Rd2 Rd7 30. Bxc6 Qxc6 31. Rxd7 Qxd7 32. g5 Qxh3 33. Qxh3
Nxh3 34. Re1 Nxg5 35. Nxg5 fxg5 36. Rxe5 Rf3 37. Rxg5 Kg7 38. a4 bxa4 39. Rg4
Kf6 40. Ne2 a3 41. b3 Rf1+ 42. Ka2 Rf2 43. Re4 h5 44. Kxa3 h4 45. Nc3 g5 46.
Rc4 Kg6 47. Ne4 Rf4 48. Nxc5 Kf5 49. Nd3 Rxc4 50. bxc4 g4 51. Nf2 g3 52. Nh3
Kg4 53. c5 Kxh3 54. c6 g2 55. c7 g1=Q 56. c8=Q+ Kh2 57. c4 h3 58. c5 Qg3+ 59.
Kb4 Kg1 60. Qd7 Qf4+ 61. Ka5 h2 62. Qd1+ Kg2 63. Qe2+ Kh3 64. Qh5+ Kg3 65. Qg6+
Kf2 66. Qc2+ Kg3 67. Qg6+ Qg4 68. Qd6+ Kg2 69. Qd2+ Kg3 70. Qe1+ Kh3 71. Qf1+
Kh4 72. c6 Qg1 73. Qf4+ Kh5 74. Qf7+ Kg5 75. Qd5+ Kf4 76. Qd6+ Ke4 77. c7 Qa1+
78. Kb5 Qf1+ 79. Ka5 Qf5+ 80. Ka4 h1=Q 81. Qc6+ Kd4 82. Qxh1 Qc2+ 83. Kb5 Qc4+
84. Ka5 Qxc7+ 85. Kb5 Qb6+ 86. Ka4 Qa6+ 87. Kb4 Qc4+ 88. Ka5 Qd5+ 89. Qxd5+
Kxd5 1/2-1/2

[Event "Open de Figueres Miquel Mas 2017"]
[Site "Figueres ESP"]
[Date "2017.08.14"]
[Round "6.4"]
[White "Mellado Trivino, Juan"]
[Black "Hernando Rodrigo, Julio Antoni"]
[Result "1/2-1/2"]
[WhiteElo "2392"]
[BlackElo "2276"]
[PlyCount "37"]
[EventDate "2017.08.10"]
[EventType "swiss"]
[EventRounds "9"]
[EventCountry "ESP"]
[SourceTitle "Ajedrez en Madrid"]
[Source "lmi"]
[SourceDate "2017.08.10"]
[SourceVersion "1"]
[SourceVersionDate "2018.07.27"]
[SourceQuality "1"]

1. d4 e6 2. Nf3 Nf6 3. g3 b6 4. Bg2 Bb7 5. O-O c5 6. c3 Be7 7. Nbd2 O-O 8. Nc4
cxd4 9. cxd4 Nc6 10. Bg5 d5 11. Nce5 Nxe5 12. Nxe5 Nd7 13. Bf4 Nxe5 14. Bxe5
Bd6 15. Qa4 Bxe5 16. dxe5 Qc7 17. f4 Qc5+ 18. Kh1 Qe3 19. Qd1 1/2-1/2

[Event "Open de Figueres Miquel Mas 2017"]
[Site "Figueres ESP"]
[Date "2017.08.14"]
[Round "6.5"]
[White "Renteria, Jorge"]
[Black "Paraschiv, Paul-Alexandru"]
[Result "1/2-1/2"]
[WhiteElo "2332"]
[BlackElo "2017"]
[PlyCount "54"]
[EventDate "2017.08.10"]
[EventType "swiss"]
[EventRounds "9"]
[EventCountry "ESP"]
[SourceTitle "Ajedrez en Madrid"]
[Source "lmi"]
[SourceDate "2017.08.10"]
[SourceVersion "1"]
[SourceVersionDate "2018.07.27"]
[SourceQuality "1"]

1. e4 e6 2. d4 d5 3. Bd3 dxe4 4. Bxe4 Nf6 5. Bf3 c5 6. Ne2 cxd4 7. Qxd4 Qxd4 8.
Nxd4 a6 9. Nc3 Nbd7 10. O-O Bd6 11. h3 Ne5 12. Be2 Bd7 13. Bf4 O-O-O 14. Bg3
Bc7 15. b4 Nc6 16. Nxc6 Bxc6 17. Bxc7 Kxc7 18. a4 Nd5 19. Nxd5+ Rxd5 20. c4 Rd2
21. Rfe1 Rhd8 22. b5 Be4 23. c5 Bd3 24. Bxd3 R2xd3 25. bxa6 bxa6 26. Reb1 Rc3
27. Rb6 Rxc5 1/2-1/2

[Event "Open de Figueres Miquel Mas 2017"]
[Site "Figueres ESP"]
[Date "2017.08.14"]
[Round "6.6"]
[White "Serra Pages, Jordi"]
[Black "Parals Marce, Luis"]
[Result "0-1"]
[WhiteElo "2232"]
[BlackElo "2015"]
[PlyCount "112"]
[EventDate "2017.08.10"]
[EventType "swiss"]
[EventRounds "9"]
[EventCountry "ESP"]
[SourceTitle "Ajedrez en Madrid"]
[Source "lmi"]
[SourceDate "2017.08.10"]
[SourceVersion "1"]
[SourceVersionDate "2018.07.27"]
[SourceQuality "1"]

1. Nf3 d5 2. d4 Nf6 3. c4 c6 4. Nc3 dxc4 5. a4 Bf5 6. e3 e6 7. Bxc4 Bb4 8. O-O
Nbd7 9. Qe2 O-O 10. e4 Bg4 11. Bd3 e5 12. Be3 Qa5 13. h3 Bxf3 14. gxf3 exd4 15.
Bxd4 Qh5 16. f4 Qxh3 17. Qe3 Qg4+ 18. Qg3 Qxg3+ 19. fxg3 Bc5 20. Bf2 Rfd8 21.
Be2 Bxf2+ 22. Kxf2 Nc5 23. e5 Nfe4+ 24. Kg2 Nxc3 25. bxc3 Rd2 26. Kf3 a5 27.
Ke3 Rad8 28. Rfd1 Rxd1 29. Rxd1 Rc8 30. Bg4 Rb8 31. Ra1 Rd8 32. Be2 Kf8 33. Bc4
Ke7 34. g4 f6 35. exf6+ Kxf6 36. Rb1 g6 37. Rh1 Kg7 38. Rb1 Rd7 39. Ra1 h6 40.
Be2 Re7+ 41. Kf3 Re4 42. Bd1 Rc4 43. Ra3 Kf6 44. Ke3 g5 45. fxg5+ hxg5 46. Kd2
Rf4 47. Ke3 Ke5 48. Ra2 Re4+ 49. Kf3 Kd5 50. Be2 Rxa4 51. Rd2+ Ke5 52. c4 Ra3+
53. Kg2 a4 54. Rd8 Ra2 55. Kf3 a3 56. Rg8 Ne6 0-1

[Event "Open de Figueres Miquel Mas 2017"]
[Site "Figueres ESP"]
[Date "2017.08.14"]
[Round "6.7"]
[White "Campos Moreno, Javier B."]
[Black "Pinsach Gelabert, Alexandre"]
[Result "1-0"]
[WhiteElo "2413"]
[BlackElo "2105"]
[PlyCount "65"]
[EventDate "2017.08.10"]
[EventType "swiss"]
[EventRounds "9"]
[EventCountry "ESP"]
[SourceTitle "Ajedrez en Madrid"]
[Source "lmi"]
[SourceDate "2017.08.10"]
[SourceVersion "1"]
[SourceVersionDate "2018.07.27"]
[SourceQuality "1"]

1. d4 d5 2. c4 dxc4 3. Nf3 a6 4. a4 c5 5. d5 e6 6. e4 Nf6 7. Nc3 exd5 8. e5 d4
9. Bxc4 Qb6 10. exf6 dxc3 11. O-O cxb2 12. Re1+ Be6 13. Bxb2 Qxb2 14. Bxe6 fxe6
15. Rxe6+ Kf7 16. Ng5+ Kg6 17. f7+ Qf6 18. Qg4 h5 19. Qg3 Nc6 20. Rae1 Nd4 21.
Ne4+ Kxf7 22. Nxf6 Nxe6 23. Qb3 gxf6 24. Qxe6+ Kg7 25. Rd1 Rh6 26. Rd7+ Kh8 27.
Rxb7 Rd8 28. h4 Rg6 29. g3 a5 30. Kg2 Bh6 31. Qf7 Rg7 32. Qxf6 Rd6 33. Rb8+ 1-0

[Event "Open de Figueres Miquel Mas 2017"]
[Site "Figueres ESP"]
[Date "2017.08.14"]
[Round "6.8"]
[White "Serra Canals, Oriol"]
[Black "Sole Pijuan, Ferran"]
[Result "0-1"]
[WhiteElo "2105"]
[BlackElo "2216"]
[PlyCount "82"]
[EventDate "2017.08.10"]
[EventType "swiss"]
[EventRounds "9"]
[EventCountry "ESP"]
[SourceTitle "Ajedrez en Madrid"]
[Source "lmi"]
[SourceDate "2017.08.10"]
[SourceVersion "1"]
[SourceVersionDate "2018.07.27"]
[SourceQuality "1"]

1. d4 d5 2. c4 e6 3. Nf3 Nf6 4. Nc3 Bb4 5. cxd5 exd5 6. Bg5 Qd6 7. a3 Bxc3+ 8.
bxc3 Ne4 9. Qb3 O-O 10. e3 Re8 11. Bd3 Bf5 12. Qxb7 Nxg5 13. Bxf5 Nxf3+ 14.
gxf3 Nc6 15. Qb3 Rab8 16. Qc2 g6 17. Bd3 Rb6 18. O-O Reb8 19. Qa4 Qf6 20. f4
Qh4 21. Be2 Ne7 22. Qd7 h5 23. Bf3 c6 24. Qxa7 Rb2 25. Qc7 Nf5 26. Qe5 R8b7 27.
Qe8+ Kh7 28. Bg2 Nh6 29. h3 Nf5 30. Qxc6 Nxe3 31. a4 Nxf1 32. Rxf1 Qxf4 33.
Qxd5 R7b3 34. a5 Rxc3 35. a6 Rc1 36. Bf3 Rbb1 37. Be2 Re1 38. a7 Rxe2 39. Qg2
Rxf1+ 40. Kxf1 Ra2 41. a8=Q Qc1# 0-1

[Event "Open de Figueres Miquel Mas 2017"]
[Site "Figueres ESP"]
[Date "2017.08.14"]
[Round "6.9"]
[White "Martorell Aubanell, Adria"]
[Black "Sanchez Arevalo, Luis"]
[Result "1-0"]
[WhiteElo "2191"]
[BlackElo "1990"]
[PlyCount "63"]
[EventDate "2017.08.10"]
[EventType "swiss"]
[EventRounds "9"]
[EventCountry "ESP"]
[SourceTitle "Ajedrez en Madrid"]
[Source "lmi"]
[SourceDate "2017.08.10"]
[SourceVersion "1"]
[SourceVersionDate "2018.07.27"]
[SourceQuality "1"]

1. e4 c6 2. d4 d5 3. e5 c5 4. dxc5 e6 5. Be3 Nh6 6. g4 Nc6 7. Bb5 Bd7 8. Bxc6
Bxc6 9. Bd4 f6 10. exf6 gxf6 11. g5 Ng8 12. Qh5+ Ke7 13. gxf6+ Nxf6 14. Qg5 Kf7
15. Nf3 Bg7 16. Nc3 Rg8 17. O-O-O Bh8 18. Qf4 Ke7 19. Rhe1 Rc8 20. Ng5 Rxg5 21.
Qxg5 Qg8 22. Bxf6+ Bxf6 23. Nxd5+ Bxd5 24. Qxd5 Qg5+ 25. Kb1 Rc6 26. Qd7+ Kf8
27. Rxe6 Rxe6 28. Qxe6 Be7 29. Qc8+ Kf7 30. Qxb7 Qxc5 31. Qd5+ Qxd5 32. Rxd5
1-0

[Event "Open de Figueres Miquel Mas 2017"]
[Site "Figueres ESP"]
[Date "2017.08.14"]
[Round "6.10"]
[White "Castells Briones, Miquel"]
[Black "Izagirre Alsua, Aritz"]
[Result "0-1"]
[WhiteElo "2011"]
[BlackElo "1869"]
[PlyCount "112"]
[EventDate "2017.08.10"]
[EventType "swiss"]
[EventRounds "9"]
[EventCountry "ESP"]
[SourceTitle "Ajedrez en Madrid"]
[Source "lmi"]
[SourceDate "2017.08.10"]
[SourceVersion "1"]
[SourceVersionDate "2018.07.27"]
[SourceQuality "1"]

1. d4 d5 2. c4 c6 3. Nf3 Nf6 4. e3 a6 5. Bd3 dxc4 6. Bxc4 b5 7. Bd3 c5 8. dxc5
Nc6 9. a3 e5 10. Qc2 Qe7 11. Nbd2 Qxc5 12. Qb1 Be7 13. b4 Qd6 14. Bb2 Bb7 15.
O-O Rd8 16. Bc2 h6 17. Rd1 Qb8 18. Qa2 O-O 19. Rac1 Rd7 20. Bf5 Rdd8 21. Qb1
Rd5 22. e4 Rdd8 23. Qa1 Bd6 24. Rxc6 Bxc6 25. Nxe5 Bb7 26. Nef3 Be7 27. Be5 Qa8
28. Bc7 Rde8 29. Re1 Bc8 30. Nd4 g6 31. Bxc8 Qxc8 32. Rc1 Qd7 33. Bf4 Kh7 34.
Rc7 Qg4 35. Bg3 Bd8 36. h3 Qh5 37. Rc5 g5 38. Nf5 Qg6 39. Bd6 Rg8 40. Be5 Re6
41. Nd4 Ree8 42. Nc6 Nxe4 43. Nxe4 Qxe4 44. Rc1 Bb6 45. Re1 Qxc6 46. Rd1 Qe4
47. Bc3 Qe2 48. Qb1+ Qe4 49. Qb3 Qe6 50. Qc2+ Qg6 51. Qb3 Qf5 52. Rd2 Re1+ 53.
Kh2 Bxf2 54. Bb2 Bg1+ 55. Kh1 Be3+ 56. Kh2 Bxd2 0-1

[Event "Open de Figueres Miquel Mas 2017"]
[Site "Figueres ESP"]
[Date "2017.08.15"]
[Round "7.1"]
[White "Riff, Jean-Noel"]
[Black "Gonzalez Rodriguez, Jorge A."]
[Result "1-0"]
[WhiteElo "2499"]
[BlackElo "2274"]
[PlyCount "67"]
[EventDate "2017.08.10"]
[EventType "swiss"]
[EventRounds "9"]
[EventCountry "ESP"]
[SourceTitle "Ajedrez en Madrid"]
[Source "lmi"]
[SourceDate "2017.08.10"]
[SourceVersion "1"]
[SourceVersionDate "2018.07.27"]
[SourceQuality "1"]

1. e4 e6 2. d4 d5 3. Nd2 c5 4. exd5 exd5 5. Ngf3 Nc6 6. Be2 Nf6 7. O-O h6 8.
Re1 Be6 9. dxc5 Bxc5 10. Nb3 Bb6 11. Nfd4 O-O 12. Bf3 Re8 13. Bf4 Qd7 14. Nxc6
bxc6 15. Be5 Bg4 16. h3 Bxf3 17. Qxf3 Ne4 18. Bd4 c5 19. Be3 Rad8 20. Rad1 f5
21. c3 a5 22. Nc1 d4 23. cxd4 cxd4 24. Bf4 g5 25. Bg3 Qd5 26. Nd3 Kg7 27. Bh2
Kg6 28. g4 fxg4 29. Qxg4 Kh7 30. Be5 Nd6 31. Bf6 Rxe1+ 32. Rxe1 Rf8 33. Re5 Qc6
34. Rxg5 1-0

[Event "Open de Figueres Miquel Mas 2017"]
[Site "Figueres ESP"]
[Date "2017.08.15"]
[Round "7.2"]
[White "Parals Marce, Luis"]
[Black "Munoz, Miguel"]
[Result "0-1"]
[WhiteElo "2015"]
[BlackElo "2497"]
[PlyCount "80"]
[EventDate "2017.08.10"]
[EventType "swiss"]
[EventRounds "9"]
[EventCountry "ESP"]
[SourceTitle "Ajedrez en Madrid"]
[Source "lmi"]
[SourceDate "2017.08.10"]
[SourceVersion "1"]
[SourceVersionDate "2018.07.27"]
[SourceQuality "1"]

1. d4 Nf6 2. e3 g6 3. Nf3 Bg7 4. Be2 c5 5. c3 O-O 6. O-O d6 7. Nbd2 Nc6 8. e4
cxd4 9. Nxd4 Bd7 10. Nxc6 Bxc6 11. Bf3 e5 12. Qe2 d5 13. Rd1 Qc7 14. exd5 Nxd5
15. Nb3 e4 16. Bg4 f5 17. Bh3 Nb6 18. Nd4 Bd5 19. g3 Rae8 20. a4 Bc4 21. Qc2 a6
22. Bf1 Bxf1 23. Kxf1 Nc4 24. Bf4 Qf7 25. Qe2 h6 26. b3 Ne5 27. Bxe5 Bxe5 28.
b4 f4 29. Qa2 fxg3 30. Qxf7+ Rxf7 31. hxg3 Bxg3 32. Ra2 Ref8 33. Kg2 Bh4 34.
Rdd2 Rc8 35. Rac2 Rfc7 36. Ne2 Bf6 37. Rd6 Kf7 38. Rb6 Rd7 39. Nf4 Bd8 40. Rxg6
Bg5 0-1